000 00724nam a2200229Ia 4500
001 15917
003 GE_BSU
008 181216s||||||||xx |||||||||||||| ||und||
040 _cGE_BSU
080 _a821.353.1-1
100 _aჯალაღონია, ნოდარ
245 _aჩვენი მარადიული თემა
245 _bლექსები
245 _cრედ.ლეილა მესხი.მხ.ვ.ხიდეშელი
260 _aთბილისი
260 _bმერანი
260 _c1991
300 _a189გვ. ; 16სმ
653 _aლექსები
653 _aჩვენი მარადიული თემა
942 _cBK
999 _c49012
_d49012